Modern Animals Elimination Order - Statistics

General Stats
  • This quiz has been taken 4 times
    3 since last reset
  • The average score is 37 of 63
Answer Stats
Hint Answer % Correct
6th Bird
100%
15th Bird
100%
8th Cat
100%
2nd Cat
100%
2nd Chicken
100%
18th Chicken
100%
4th Cow
100%
6th Cow
100%
5th Deer
100%
9th Deer
100%
10th Dog
100%
4th Dog
100%
17th Eagle
100%
11th Mouse
100%
6th Rabbit
100%
16th Rabbit
100%
15th Shark
100%
3rd Snake
100%
7th Snake
100%
16th Beaver
67%
1st Frog
67%
17th Frog
67%
9th Gopher
67%
9th Hamster
67%
18th Koala
67%
7th Owl
67%
21st Panda
67%
20th Penguin
67%
1st Raccoon
67%
2nd Turtle
67%
10th Whale
67%
11th Zebra
67%
1st Axolotl
33%
10th Axolotl
33%
12th Cockroach
33%
19th Dinosaur
33%
2nd Dragon
33%
13th Dragon
33%
7th Ferret
33%
5th Ferret
33%
8th Fox
33%
12th Goldfish
33%
14th Grasshopper
33%
5th Hedgehog
33%
3th Jake
33%
8th Jake
33%
4th Octopus
33%
14th Octopus
33%
9th Otter
33%
10th Ox
33%
1st Ox
33%
13th Panther
33%
11th Pony
33%
7th Possum
33%
12th Possum
33%
3rd Pufferfish
33%
12th Scorpion
33%
5th Squirrel
33%
11th Squirrel
33%
8th Unicorn
33%
3rd Unicorn
33%
6th Sloth
0%
4th Tropical Fish
0%
No matching quizzes found
Score Distribution
Percent of People with Each Score
Percentile by Number Answered
Your Score History
You have not taken this quiz since the last reset